000 01117cam a2200205 4500
001 WB3940-09
008 031021n2003 000 0 eng u
035 _a(Sirsi) u123954
245 _aRemoving barriers to housing transfer
260 _c2003
490 _aODPM News Release
_v(212) 20 October 2003, (2)
520 _aODPM puts out consultation for measures to remove barriers to housing transfer. The changes seek to better the process and include improving the decision-making process by removing barriers to financing and developing incentives to ensure the benefits of transfer are realised. ODPM is inviting any reactions and responses to the proposals in the paper. The cosultation document is available at: http://www.odpm.gov.uk/stellent/groups/odpm_control/documents/contentservertemplate/odpm_index.hcst?n=920&l=1 For the news release: http://www.odpm.gov.uk/pns/DisplayPN.cgi?pn_id=2003_0212
590 _aWB
650 _aHOUSING TRANSFER
650 _aPRIVATE FINANCE
650 _aCONSULTATION PAPER
650 _aSUSTAINABLE COMMUNITIES
690 _aHOUSING-HOUSING FINANCE
942 _n0
999 _c73611
_d73611